| 000 | 00372nam a22001457a 4500 | ||
|---|---|---|---|
| 003 | OSt | ||
| 005 | 20160729142750.0 | ||
| 008 | 160729b xxu||||| |||| 00| 0 eng d | ||
| 020 | _a9780735623637 | ||
| 040 | _cN/A | ||
| 100 | _aOlga Londer at al | ||
| 245 | _aMicrosot window sharepoint service 3.0 Step by Step | ||
| 260 |
_aCanada _bMicrosoft Press |
||
| 942 |
_2lcc _cBK |
||
| 999 |
_c254879 _d254878 |
||